=LDR 00000nam 2200000 4500 =001 INLIS000000000810145 =005 20251027015835 =035 ##$$a 0010-1025000128 =007 ta =008 251027###########################0###### =020 ##$$a 9789793536422 =082 ##$$a 297.262 =084 ##$$a 297.262 JAR h =245 ##$$a Hak dan Kewajiban Wanita Muslimah /$c Syaikh Abdullah bin Jarullah =260 ##$$a Jakarta : :$b Pustaka Imam Asy-Syafi'i =300 ##$; $c 21 cm